000
00261nam a22001097a 4500
082
_a
621.56 NEL'C
100
_a
NELSON, C. W
_9
78710
245
_a
COMMERCIAL AND INDUSTRIAL REFRIGERATION
260
_a
NEWYORK
_b
MCGRAW HILL
_c
1952
300
_a
467P
942
_c
BK
999
_c
583804
_d
583804